Los fichajes más caros del fútbol - Temporada 2014-2015 - Estadísticas

Estadísticas generales
  • Esta prueba ha sido intentada 93 veces
  • La puntuación promedio es 7 de 10
Estadísticas de respuestas
Coste (M €) Nacionalidad Último club Nuevo club Jugador % Correcto
81,72 Uruguay Liverpool FC Barcelona Luis Suárez
100%
75,00 Colombia Mónaco Real Madrid James Rodríguez
98%
75,00 Argentina Real Madrid Manchester United Ángel Di María
94%
42,50 Chile FC Barcelona Arsenal Alexis Sánchez
90%
49,50 Brazil Chelsea PSG David Luiz
78%
38,00 Brazil / Spain Atlético Madrid Chelsea Diego Costa
77%
35,36 Belgium Chelsea Everton Romelu Lukaku
66%
36,00 Spain Athletic Manchester United Ander Herrera
60%
37,50 England Southampton Manchester United Luke Shaw
29%
45,00 France Oporto Manchester City Eliaquim Mangala
26%
No se encontraron pruebas coincidentes
Distribución de puntuación
Porcentaje de gente con cada puntuación
Porcentaje por número respondido
Historial de tus puntuaciones
No has intentado esta prueba.